[Event "IECG CN.2002.0.00302 email"]
[Site "IECG email"]
[Date "2002.07.30"]
[Round "?"]
[White "Talukdar, Aparnesh"]
[Black "Lyon, David"]
[Result "1-0"]
[WhiteElo "995"]
[BlackElo "800"]
[PlyCount "47"]
[EventDate "2002.07.30"]
[EventType "tourn (corr)"]
[EventRounds "6"]
[SourceTitle "Corr 2008"]
[Source "ChessBase"]
[SourceDate "2008.06.24"]
[SourceVersion "1"]
[SourceVersionDate "2008.06.24"]
[SourceQuality "1"]

1. e4 e5 2. Nf3 Nc6 3. Bb5 a6 4. Ba4 Nf6 5. 0-0 Be7 6. Re1 b5 7. Bb3 d6 8. c3 0-0 9. d3 Bg4 10. h3 Bxf3 11. Qxf3 Qd7 12. Nd2 a5 13. Nf1 b4 14. Ne3 a4 15. Bc2 a3 16. Nf5 axb2 17. Bxb2 bxc3 18. Bxc3 Ra3 19. Bb2 Ra5 20. Qg3 g6 21. Bb3 Rb5 22. Rec1 Nh5 23. Qg4 Nb4 24. Nh6+ 1-0

[Event "IECG CN.2002.0.00302 email"]
[Site "IECG email"]
[Date "2002.07.30"]
[Round "?"]
[White "Talukdar, Aparnesh"]
[Black "Young, Paul"]
[Result "1-0"]
[WhiteElo "995"]
[BlackElo "800"]
[PlyCount "29"]
[EventDate "2002.07.30"]
[EventType "tourn (corr)"]
[EventRounds "6"]
[SourceTitle "Corr 2008"]
[Source "ChessBase"]
[SourceDate "2008.06.24"]
[SourceVersion "1"]
[SourceVersionDate "2008.06.24"]
[SourceQuality "1"]

1. e4 c5 2. Nf3 d6 3. d4 Nf6 4. Nc3 Bg4 5. dxc5 dxc5 6. Qxd8+ Kxd8 7. Ne5 Nbd7 8. Nxf7+ Ke8 9. Nxh8 Ne5 10. Bf4 Nc4 11. Bxc4 Rd8 12. Nf7 Rd4 13. Ne5 Nxe4 14. Nb5 Rd8 15. Nc7# 1-0

[Event "IECG CN.2002.0.00298 email"]
[Site "IECG email"]
[Date "2002.06.19"]
[Round "?"]
[White "Talukdar, Aparnesh"]
[Black "Arauz, Christopher"]
[Result "1-0"]
[WhiteElo "995"]
[BlackElo "564"]
[PlyCount "69"]
[EventDate "2002.06.19"]
[EventType "tourn (corr)"]
[EventRounds "6"]
[SourceTitle "Corr 2008"]
[Source "ChessBase"]
[SourceDate "2008.06.24"]
[SourceVersion "1"]
[SourceVersionDate "2008.06.24"]
[SourceQuality "1"]

1. e4 c5 2. Nf3 Nc6 3. d4 cxd4 4. Nxd4 g6 5. Nc3 Bg7 6. Be3 Nf6 7. Bc4 d6 8. f3 e5 9. Ndb5 0-0 10. Nxd6 Qe7 11. 0-0 a6 12. Rf2 b5 13. Bb3 Rd8 14. Rd2 Be6 15. Nd5 Bxd5 16. exd5 Rxd6 17. dxc6 Rxc6 18. Qe2 Rd8 19. Rxd8+ Qxd8 20. a4 b4 21. a5 Bf8 22. Bb6 Qc8 23. Qxe5 Bd6 24. Qe2 Nd7 25. Ba4 Bc5+ 26. Kh1 Re6 27. Bxd7 Qxd7 28. Qxa6 Qe8 29. Rf1 Qb8 30. Rd1 Bxb6 31. axb6 Rxb6 32. Qd3 Kf8 33. Qd4 f6 34. Qc5+ Ke8 35. Qe3+ 1-0

[Event "IECG CN.2002.0.00298 email"]
[Site "IECG email"]
[Date "2002.06.19"]
[Round "?"]
[White "Venturas, Bob"]
[Black "Talukdar, Aparnesh"]
[Result "0-1"]
[WhiteElo "670"]
[BlackElo "995"]
[PlyCount "61"]
[EventDate "2002.06.19"]
[EventType "tourn (corr)"]
[EventRounds "6"]
[SourceTitle "Corr 2008"]
[Source "ChessBase"]
[SourceDate "2008.06.24"]
[SourceVersion "1"]
[SourceVersionDate "2008.06.24"]
[SourceQuality "1"]

1. e4 c5 2. c4 d6 3. h3 Nf6 4. d3 Nc6 5. Nf3 g6 6. b3 Bg7 7. Bb2 0-0 8. Be2 a6 9. 0-0 b5 10. Nc3 Rb8 11. d4 b4 12. Na4 Nxe4 13. Qc2 Nc3 14. Nxc3 bxc3 15. Bxc3 cxd4 16. Nxd4 Nxd4 17. Bxd4 Bxd4 18. Rad1 Bg7 19. Rfe1 Qa5 20. Rd5 Qxe1+ 21. Bf1 Bf5 22. Qe2 Qxe2 23. Bxe2 Bb1 24. Ra5 Rb6 25. c5 dxc5 26. Rxc5 Bxa2 27. Bc4 Bxb3 28. Bd3 Rd8 29. Bf1 Be6 30. Rc1 a5 31. Ra1 0-1

[Event "IECG CN.2001.0.00234"]
[Site "IECG email"]
[Date "2001.02.04"]
[Round "?"]
[White "Parker, Steph"]
[Black "Talukdar, Aparnesh"]
[Result "1-0"]
[WhiteElo "748"]
[BlackElo "990"]
[PlyCount "25"]
[EventDate "2001.02.04"]
[EventType "tourn (corr)"]
[EventRounds "6"]
[SourceTitle "Corr 2008"]
[Source "ChessBase"]
[SourceDate "2008.06.24"]
[SourceVersion "1"]
[SourceVersionDate "2008.06.24"]
[SourceQuality "1"]

1. e4 c5 2. Nf3 d6 3. d4 cxd4 4. Nxd4 Nf6 5. Nc3 a6 6. Bc4 e6 7. 0-0 Qc7 8. b3 b5 9. Ndxb5 axb5 10. Nxb5 Qc6 11. f3 Be7 12. Re1 0-0 13. Ba3 1-0

[Event "IECG CN.2001.0.00234"]
[Site "IECG email"]
[Date "2001.02.04"]
[Round "?"]
[White "Sturdivant, Al"]
[Black "Talukdar, Aparnesh"]
[Result "1-0"]
[WhiteElo "800"]
[BlackElo "990"]
[PlyCount "47"]
[EventDate "2001.02.04"]
[EventType "tourn (corr)"]
[EventRounds "6"]
[SourceTitle "Corr 2008"]
[Source "ChessBase"]
[SourceDate "2008.06.24"]
[SourceVersion "1"]
[SourceVersionDate "2008.06.24"]
[SourceQuality "1"]

1. e4 c5 2. Nf3 d6 3. d4 cxd4 4. Nxd4 Nf6 5. Nc3 a6 6. Bg5 e6 7. Be2 Be7 8. 0-0 0-0 9. Be3 Qc7 10. f4 Nc6 11. a3 Re8 12. Nxc6 bxc6 13. Qd3 e5 14. f5 Bb7 15. Qc4 Rac8 16. Qb3 d5 17. Bb6 Qb8 18. Bd3 d4 19. Nb1 c5 20. Nd2 Rf8 21. Rad1 Ng4 22. Nc4 Bg5 23. Kh1 Be3 24. a4 1-0

[Event "IECG CN.2001.0.00234"]
[Site "IECG email"]
[Date "2001.02.04"]
[Round "?"]
[White "Talukdar, Aparnesh"]
[Black "Johnson, Robert K"]
[Result "0-1"]
[WhiteElo "990"]
[BlackElo "800"]
[PlyCount "48"]
[EventDate "2001.02.04"]
[EventType "tourn (corr)"]
[EventRounds "6"]
[SourceTitle "Corr 2008"]
[Source "ChessBase"]
[SourceDate "2008.06.24"]
[SourceVersion "1"]
[SourceVersionDate "2008.06.24"]
[SourceQuality "1"]

1. e4 e5 2. Nf3 d6 3. d4 Bg4 4. dxe5 Bxf3 5. Qxf3 dxe5 6. Bc4 Qf6 7. Qb3 b6 8. 0-0 Bc5 9. Nc3 Ne7 10. Nb5 Kd8 11. Be3 Nd7 12. Rad1 Nc6 13. Bxf7 Nd4 14. Bxd4 exd4 15. c3 Rf8 16. Be6 c6 17. cxd4 Bb4 18. Qc4 Ke7 19. Qxb4+ Kxe6 20. Qd6+ Kf7 21. Qxd7+ Kg8 22. e5 Qf7 23. Qxf7+ Rxf7 24. Nd6 Re7 0-1

[Event "IECG QN.2000.0.00136"]
[Site "IECG email"]
[Date "2000.08.24"]
[Round "?"]
[White "Talukdar, Aparnesh"]
[Black "Schoenhofen, Ricardo"]
[Result "1-0"]
[WhiteElo "800"]
[BlackElo "800"]
[PlyCount "75"]
[EventDate "2000.08.24"]
[EventType "tourn (corr)"]
[EventRounds "6"]
[SourceTitle "Corr 2008"]
[Source "ChessBase"]
[SourceDate "2008.06.24"]
[SourceVersion "1"]
[SourceVersionDate "2008.06.24"]
[SourceQuality "1"]

1. e4 e5 2. Nf3 Nc6 3. Bb5 a6 4. Ba4 Nf6 5. 0-0 Bc5 6. c3 b5 7. Bb3 Nxe4 8. Qe2 d5 9. d3 Nf6 10. d4 Bb6 11. Nxe5 Nxe5 12. Qxe5+ Be6 13. a4 c6 14. Bg5 Bc7 15. Bxf6 gxf6 16. Qh5 h6 17. Re1 Kf8 18. Bc2 Bf4 19. Qh4 Bg5 20. Qg3 Qb8 21. axb5 Bf4 22. Qf3 Bxh2+ 23. Kh1 Bf4 24. Rxa6 Bg5 25. Rxa8 Qxa8 26. Na3 cxb5 27. Nxb5 Qb8 28. Bd3 h5 29. b3 Kg7 30. c4 Rd8 31. Bf5 Qc8 32. Bxe6 fxe6 33. Qe2 dxc4 34. bxc4 e5 35. dxe5 fxe5 36. Qxe5+ Bf6 37. Qg3+ Qg4 38. Qxg4+ 1-0

[Event "IECG CN.2000.0.00202"]
[Site "IECG email"]
[Date "2000.07.10"]
[Round "?"]
[White "Rosenberger, Jerome"]
[Black "Talukdar, Aparnesh"]
[Result "0-1"]
[WhiteElo "800"]
[BlackElo "800"]
[PlyCount "88"]
[EventDate "2000.07.10"]
[EventType "tourn (corr)"]
[EventRounds "6"]
[SourceTitle "Corr 2008"]
[Source "ChessBase"]
[SourceDate "2008.06.24"]
[SourceVersion "1"]
[SourceVersionDate "2008.06.24"]
[SourceQuality "1"]

1. e4 c5 2. Nf3 d6 3. Nc3 Nf6 4. d4 cxd4 5. Nxd4 a6 6. g3 e6 7. Bg2 Be7 8. 0-0 0-0 9. Qd3 Nc6 10. Bf4 Nxd4 11. Qxd4 e5 12. Bxe5 dxe5 13. Qxe5 Bd6 14. Qd4 Qc7 15. Rad1 Be5 16. Qe3 Bg4 17. f3 Be6 18. f4 Ng4 19. Qf3 Qc5+ 20. Kh1 Bxc3 21. bxc3 Ne3 22. Qf2 Rac8 23. Rg1 Nxd1 24. Qxc5 Rxc5 25. Rxd1 Rxc3 26. f5 Bxa2 27. e5 b5 28. Be4 Re8 29. Rd6 a5 30. Ra6 a4 31. Kg1 h6 32. e6 fxe6 33. fxe6 Rxe6 34. Ra8+ Kf7 35. Bh7 Rd6 36. Bd3 Bc4 37. Bf1 Rd1 38. Ra7+ Kg6 39. Kg2 Bxf1+ 40. Kf2 Kf6 41. h4 Rxc2+ 42. Kf3 Rd3+ 43. Kg4 Rc4+ 44. Kh5 Rd5# 0-1

[Event "IECG CN.2000.0.00202"]
[Site "IECG email"]
[Date "2000.07.10"]
[Round "?"]
[White "Talukdar, Aparnesh"]
[Black "Gabaldon Segovia, Jose"]
[Result "1-0"]
[WhiteElo "800"]
[BlackElo "800"]
[PlyCount "75"]
[EventDate "2000.07.10"]
[EventType "tourn (corr)"]
[EventRounds "6"]
[SourceTitle "Corr 2008"]
[Source "ChessBase"]
[SourceDate "2008.06.24"]
[SourceVersion "1"]
[SourceVersionDate "2008.06.24"]
[SourceQuality "1"]

1. e4 c6 2. d4 d5 3. e5 Bf5 4. Nf3 e6 5. Be2 Qb6 6. 0-0 Nd7 7. Nbd2 f6 8. exf6 Ngxf6 9. Nb3 Bd6 10. h3 Ne4 11. Ng5 0-0 12. Nxe4 Bxe4 13. c4 Qc7 14. Bg5 Rae8 15. Nd2 Bg6 16. Bh5 Bxh5 17. Qxh5 Bh2+ 18. Kh1 Bf4 19. Rae1 Nf6 20. Bxf6 Bxd2 21. Be5 Qa5 22. Qg4 g6 23. Re2 Qb4 24. b3 dxc4 25. a3 Qc3 26. Bd6 cxb3 27. Bb4 Qd3 28. Rd1 h5 29. Rexd2 hxg4 30. Rxd3 Rxf2 31. Rxb3 gxh3 32. Rxh3 Re2 33. Kg1 Rd8 34. Rf1 b6 35. Bc3 Rd5 36. Rf2 Rxf2 37. Kxf2 c5 38. dxc5 1-0

[Event "IECG QN.2000.0.00125"]
[Site "IECG email"]
[Date "2000.06.27"]
[Round "?"]
[White "Talukdar, Aparnesh"]
[Black "Robertson, John"]
[Result "1/2-1/2"]
[WhiteElo "800"]
[BlackElo "508"]
[PlyCount "127"]
[EventDate "2000.06.27"]
[EventType "tourn (corr)"]
[EventRounds "6"]
[SourceTitle "Corr 2008"]
[Source "ChessBase"]
[SourceDate "2008.06.24"]
[SourceVersion "1"]
[SourceVersionDate "2008.06.24"]
[SourceQuality "1"]

1. e4 e5 2. Nf3 Nc6 3. Bb5 a6 4. Ba4 b5 5. Bb3 Qf6 6. d3 Bc5 7. 0-0 h6 8. Nc3 Nge7 9. Ne2 d6 10. Be3 Bg4 11. Ng3 Nd4 12. Bxd4 Bxd4 13. c3 Bc5 14. Rc1 0-0 15. h3 Bxf3 16. Qxf3 Qxf3 17. gxf3 Bb6 18. Rfd1 Rfd8 19. Ne2 a5 20. f4 a4 21. Bc2 a3 22. b4 Nc6 23. Bb3 Rf8 24. Bd5 Ne7 25. Bxa8 Rxa8 26. fxe5 dxe5 27. d4 exd4 28. Nxd4 c6 29. c4 bxc4 30. Nf3 Ng6 31. Rxc4 Nf4 32. h4 Rc8 33. Kf1 Bd8 34. b5 c5 35. Rb1 Bb6 36. Ne5 Rd8 37. Nd7 Rxd7 38. Ra4 f6 39. Rxa3 c4 40. Ra6 Rd6 41. a4 c3 42. Ra8+ Kf7 43. Rc8 Ba5 44. b6 Bxb6 45. Rxc3 Rd4 46. f3 Ba5 47. Ra3 Rd2 48. Rb5 Rd1+ 49. Kf2 Be1+ 50. Ke3 Ng2+ 51. Ke2 Rd2+ 52. Kf1 Rf2+ 53. Kg1 Nxh4 54. Rbb3 Rg2+ 55. Kf1 Bg3 56. f4 Bxf4 57. a5 Rd2 58. a6 Rd8 59. Rb7+ Kg6 60. a7 Ra8 61. Rh3 Bg5 62. Ra3 Bc1 63. Rg3+ Bg5 64. Ra3 1/2-1/2